LEADER 01119cam0-22004091i-450- 001 990000423850403321 005 20051213123340.0 010 $a88-204-8062-X 035 $a000042385 035 $aFED01000042385 035 $a(Aleph)000042385FED01 035 $a000042385 100 $a20020821d1993----km-y0itay50------ba 101 0 $aita 102 $aIT 105 $aa-------001yy 200 1 $a<>limite della dispersione$econtrollo e sperimentazione dei componenti edilizi$fFranco Laner 210 $aMilano$cFrancoAngeli$d1993 215 $a147 p.$cill.$d23 cm 225 1 $aRicerche di tecnologia dell'architettura$v46 610 0 $aSicurezza edilizia 610 0 $aMateriali edilizia 610 0 $aEdilizia$aComponenti 610 0 $aComponenti edilizi 676 $a721 676 $a690 700 1$aLaner,$bFranco 801 0$aIT$bUNINA$gRICA$2UNIMARC 901 $aBK 912 $a990000423850403321 952 $a08 N 297$fDINED 952 $a21 A 14 35$fDINPU 952 $aTECN B 961$b5415/753$fFARBC 959 $aDINED 959 $aDINPU 959 $aFARBC 997 $aUNINA LEADER 00966nam0-22003131i-450- 001 990006169580403321 005 19980601 035 $a000616958 035 $aFED01000616958 035 $a(Aleph)000616958FED01 035 $a000616958 100 $a20030411d1994----km-y0itay50------ba 101 0$aita 102 $aIT 105 $ay-------001yy 200 1 $a<>Codice di procedura penale$eesperienze, valutazioni, prospettive$eatti del convegno presso l'accademia nazionale dei lincei Roma, 23-24 ottobre 1992 210 $aMilano$cGiuffrè$d1994 215 $a372 p.$d23 cm 225 1 $aAssociazione tra gli studiosi del processo penale$v4 676 $a345.05 801 0$aIT$bUNINA$gRICA$2UNIMARC 901 $aBK 912 $a990006169580403321 952 $aXIII G 4 (4)$b24581*$fFGBC 952 $aXIII G 4 (4BIS)$b32538*$fFGBC 952 $aVIII F 57$fDDCIC 959 $aDDCIC 996 $aCodice di procedura penale$9287430 997 $aUNINA LEADER 01317nam--2200397---450- 001 990000404130203316 005 20090805094454.0 010 $a88-14-01935-5 035 $a0040413 035 $aUSA010040413 035 $a(ALEPH)000040413USA01 035 $a0040413 100 $a20010418d1989----km-y0itay0103----ba 101 $ait 102 $aITA 105 $a||||||||001yy 200 1 $a<> avvio della nuova provincia regionale in Sicilia$eatti del Convegno organizzato dal Dipartimento di studi politici$eCatania, 25 e 26 marzo 1989$fGiuseppe Barone, Vittorio Ottaviano 210 $aMilano$cGiuffré$d1989 215 $aVII, 314 p.$d26 cm 410 $12001 606 0 $aSicilia$xOrdinamento regionale 676 $a342.458 700 1$aBARONE,$bGiuseppe$0290853 701 1$aOTTAVIANO,$bVittorio$0233046 801 0$aIT$bsalbc$gISBD 912 $a990000404130203316 951 $a353.9 BAR 2 (IG IV 783)$b65541 EC$cIG IV 783$d00237820 959 $aBK 969 $aECO 979 $aPATTY$b90$c20010418$lUSA01$h1653 979 $aPATTY$b90$c20010418$lUSA01$h1703 979 $c20020403$lUSA01$h1648 979 $aPATRY$b90$c20040406$lUSA01$h1628 979 $aRSIAV2$b90$c20090805$lUSA01$h0944 996 $aAvvio della nuova provincia regionale in Sicilia$9874433 997 $aUNISA